Vývojové trendy v oblasti logistiky.

Priorita logistiky v podniku. Filozofia Just in time. Znižovanie počtu dodávateľov. Význam moderných komunikačných systémov. Preberanie dopravy špeditérmi. Vykonávanie logistických manipulačných úkonov inými organizáciami. Perspektívy v počte pracovníkov v logistike. Výška nákladov v logistike.

Salvato in:
Dettagli Bibliografici
Autore principale: Křížová, E.
Natura: Capitolo di libro
Lingua:slovacco
Soggetti:
Tags: Aggiungi Tag
Nessun Tag, puoi essere il primo ad aggiungerne!!

MARC

LEADER 00000naa a2200000 4500
001 r006318
005 20221125080904.4
041 0 |a slo 
044 |a [CS] 
245 1 0 |a Vývojové trendy v oblasti logistiky.  |c E. Křížová 
520 |a Priorita logistiky v podniku. Filozofia Just in time. Znižovanie počtu dodávateľov. Význam moderných komunikačných systémov. Preberanie dopravy špeditérmi. Vykonávanie logistických manipulačných úkonov inými organizáciami. Perspektívy v počte pracovníkov v logistike. Výška nákladov v logistike. 
610 2 0 |a logistika 
610 2 0 |a podnik 
610 2 0 |a komunikácia 
610 2 0 |a náklady 
610 2 0 |a JIT 
100 1 |a Křížová, E.